Fundamentos físico-químicos de la fabricación del vidrio / (Record no. 137816)

MARC details
000 -LEADER
campo de control de longitud fija 00659nam a2200193 4500
001 - NÚMERO DE CONTROL
campo de control 137816
003 - IDENTIFICADOR DE NÚMERO DE CONTROL
campo de control ES-MaACL
005 - FECHA Y HORA DE LA ÚLTIMA TRANSACCIÓN
campo de control 20260228125604.0
007 - CAMPO FIJO DE DESCRIPCIÓN FÍSICA--INFORMACIÓN GENERAL
campo de control de longitud fija t|
008 - DATOS DE LONGITUD FIJA--INFORMACIÓN GENERAL
campo de control de longitud fija 070214s1962 sp r ||||1| spa d
100 1# - ENTRADA PRINCIPAL--NOMBRE DE PERSONA
Nombre de persona Salmang, Hermann.
9 (RLIN) 101987
245 10 - MENCIÓN DEL TÍTULO
Título Fundamentos físico-químicos de la fabricación del vidrio /
Mención de responsabilidad, etc. Hermann Salmang ; versión española de V. Aleixandre Ferrandis y M. C. Sánchez Conde.
260 ## - PUBLICACIÓN, DISTRIBUCIÓN, ETC.
Lugar de publicación, distribución, etc. Madrid :
Nombre del editor, distribuidor, etc. Aguilar,
Fecha de publicación, distribución, etc. 1962.
300 ## - DESCRIPCIÓN FÍSICA
Extensión XVI, 442 p. :
Otras características físicas il. ;
Dimensiones 22 cm.
700 1# - ENTRADA AGREGADA--NOMBRE PERSONAL
Nombre de persona Aleixandre, Vicente
9 (RLIN) 19693
700 1# - ENTRADA AGREGADA--NOMBRE PERSONAL
Nombre de persona Sánchez Conde, M. C.
9 (RLIN) 102552
852 ## - LOCALIZACIÓN
Ubicación ES-MaACL
Número de control de estantería C-21975
Sublocalización o colección R.50460
Holdings
Estatus retirado Estado de pérdida Estado de daño No para préstamo Biblioteca de origen Biblioteca actual Ubicación en estantería Fecha de adquisición Fuente de adquisición Total de préstamos Signatura topográfica completa Código de barras Visto por última vez Precio de reemplazo Tipo de ítem Koha
        Biblioteca del Ateneo de Madrid Biblioteca del Ateneo de Madrid Galería 17/01/2008     C-21975 1143416 23/02/2023 23/02/2023 Libro impreso